| 000 | 00729pam a2200229 a 4500 | ||
|---|---|---|---|
| 001 | 1199684 | ||
| 005 | 20250221201831.0 | ||
| 008 | 980723s1999 paua b 001 0 eng c | ||
| 020 | _a9780721674377 | ||
| 050 | 0 | 0 |
_aRD734.5.P58 _bR45 1999 |
| 082 | 0 | 0 |
_a616.7/0754 _221 |
| 100 | 1 | _aReider, Bruce. | |
| 245 | 1 | 4 |
_aThe orthopaedic physical examination / _cBruce Reider ; photographs by David Christopher. |
| 260 |
_aPhiladelphia : _bW.B. Saunders, _cc1999. |
||
| 300 |
_axiv, 402 p. : _bill. ; _c29 cm. |
||
| 650 | 0 | _aPhysical orthopedic tests. | |
| 650 | 0 | _aPhysical diagnosis. | |
| 650 | 1 | 2 |
_aBone Diseases _xdiagnosis. |
| 650 | 2 | 2 |
_aJoint Diseases _xdiagnosis. |
| 650 | 2 | 2 |
_aPhysical Examination _xmethods. |
| 942 |
_2lcc _cBK _n0 |
||
| 999 |
_c4084 _d4084 |
||